| 000 | 01244cab a2200289 4500 | ||
|---|---|---|---|
| 001 | ABS50826 | ||
| 008 | 090401t1994 xxu||||| |||| 00| 0 eng d | ||
| 035 | _a(Sirsi) u62523 | ||
| 041 | _aeng | ||
| 100 | _aWheatley, C. | ||
| 245 | _aLease certification: quick release | ||
| 260 | _c1994 | ||
| 350 | _a0 | ||
| 490 |
_aProperty Week _v47(13) 30 June 1994, 18-19(2) |
||
| 520 | _aInvestigates the lease certification, a concept which may overcome problems of illiquidity in the investment market. Explains and defines how a system of certification could work and the principles involved. The idea is supported by the Investment Property Forum. Looks at the advantages of the lease book, designed to simplify lease structures and thus speed up the legal processes of buying and selling property. | ||
| 650 | _aDJ FREEMAN | ||
| 650 | _aABOUT RICS-RELATED ORGANISATIONS-INVESTMENT PROPERTY FORUM | ||
| 650 | _aINVESTMENT PROPERTY | ||
| 650 | _aLEASE CERTIFICATES | ||
| 650 | _aLEASE CERTIFICATION | ||
| 650 | _aLEASEBOOKS | ||
| 650 | _aNABARRO NATHANSON | ||
| 650 | _aPROFESSIONAL INDEMNITY INSURANCE | ||
| 690 | _aPROPERTY-COMMERCIAL PROPERTY-COMMERCIAL PROPERTY FINANCE AND INVESTMENT | ||
| 942 | _n0 | ||
| 948 | _c04/03/1997 | ||
| 999 |
_c38838 _d38838 |
||